000
00333nam a22001337a 4500
008
260312b ||||| |||| 00| 0 eng d
020
_a
9781899066520
041
_a
eng
080
_a
2.1
100
_a
02
101
_a
mek
245
_a
Surgery for Asquired Aortic Valve Disease
_c
Armand Piwnica , Stephen Westaby
942
_2
udc
_c
BK
999
_c
60888
_d
60888